| 000 | 01902nam0a2200349 i 4500 | ||
|---|---|---|---|
| 001 | RU\NLR\BIBL_A\011210201 | ||
| 005 | 20260407092239.0 | ||
| 010 |
_a9785756506808 _9100 |
||
| 021 |
_aRU _b2016-64295 _94104 |
||
| 035 | _a(NILC)RuMoRGB-008581834 | ||
| 035 | _a(NLR Aleph) 011210201 | ||
| 090 |
_a11967929 _c11967929 |
||
| 100 | _a20160908d2016 um y0rusy50 ca | ||
| 101 | 0 | _arus | |
| 102 | _aRU | ||
| 105 | _aa|||z||||01yy | ||
| 200 | 1 |
_aОрганизация образовательного процесса с использованием электронной формы учебников _eметодическое пособие _fГос. бюджетное образовательное учреждение дополнительного проф. образования "Нижегородский ин-т развития образования" _g[авт.-сост.: Е. Г. Калинкина, к. п. н., доц. и др.] |
|
| 210 |
_aНижний Новгород _cНижегородский институт развития образования _d2016 |
||
| 215 |
_a125, [3] с. _cил. _d20 |
||
| 320 | _aБиблиогр.: с. 124-126 (20 назв.) | ||
| 606 | 1 |
_aЭлектронные учебники _jМетодические пособия _xИспользование _xСредняя школа _92155368 _3RU\NLR\AUTH\661602320 |
|
| 610 | 0 | _aэлектронные учебники в школе | |
| 675 | _a373 | ||
| 686 | 1 | _aЧ421.215я8 | |
| 702 | 1 |
_4220 _aКалинкина _bЕ. Г. _gЕлена Георгиевна _9136432 _3RU\NLR\AUTH\770136467 |
|
| 712 | 0 | 2 |
_4570 _aНижегородский институт развития образования _9310242 _3RU\NLR\AUTH\8818507 |
| 801 | 0 |
_aRU _bРГБ _c20160817 _gRCR |
|
| 942 | _cBOOK | ||
| 980 | _aNBR | ||